A la recherche du temps perdu. Tome II. A l'ombre des jeunes filles en fleurs /

Hlavní autor: Proust, Marcel, 1871-1922
Jazyk: Francouzština
Vydáno: Paris : Editions de la Nouvelle revue française, 1919
Vydání: Vingt-deuxiéme édition
Fyzický popis: 250 stran ; 19 cm
Knihy
Uloženo v:
LEADER 00906nam a22002657i 4500
001 001729827
003 CZ BrMZK
005 20200212125030.0
007 ta
008 200212s1919 fr er|||||||||||fre d
040 |a BOA001  |b cze  |e rda 
100 1 |a Proust, Marcel,  |d 1871-1922  |7 jn19990006723  |4 aut 
245 1 0 |a A la recherche du temps perdu.  |n Tome II.  |p A l'ombre des jeunes filles en fleurs /  |c Marcel Proust 
246 3 0 |a A l'ombre des jeunes filles en fleurs 
250 |a Vingt-deuxiéme édition 
264 1 |a Paris :  |b Editions de la Nouvelle revue française,  |c 1919 
300 |a 250 stran ;  |c 19 cm 
336 |a text  |b txt  |2 rdacontent 
337 |a bez média  |b n  |2 rdamedia 
338 |a svazek  |b nc  |2 rdacarrier 
910 |a BOA001  |b OB1-0113.554,2 
990 |a BK 
993 |a Y 
991 |b 202002 
996 6 |b 2618981115  |c OB1-0113.554,2  |l MZK  |r Sklad / do 24 hodin  |n 0  |w 001781545  |u 000010  |a 1  |e BOA001  |j MZK50  |s P